000 00557nam a22001937a 4500
003 CEME
005 20210628204133.0
008 210112b xxu||||| |||| 00| 0 eng d
020 _a9780070667174
040 _cceme
082 _a620.11 SMI
100 _aSmith, William F , Hashemi, Javad , Parakash, Ravi
_968882
245 _aMaterials science and engineering , in si units
250 _a4TH
260 _aNEW DELHI
_bTATA MCGRAW HILL
_c2011
300 _aXXII, 942P
650 _aMATERIALS SCIENCE. MATERIALS ENGINEERING
_957413
942 _cBK
_2ddc
999 _c576342
_d576342